Alle landen waar een P in zit. - Statistieken

Algemene statistieken
  • Deze quiz is 122 keer genomen
    94 sinds de laatste reset
  • De gemiddelde score is 17 van 21
Antwoordstatistieken
Antwoord % Correct
Pakistan
100%
Portugal
100%
Panama
95%
Japan
91%
Palau
91%
Peru
91%
Polen
91%
Spanje
91%
Democratische Republiek Congo
86%
Egypte
86%
Paraguay
86%
Dominicaanse Republiek
82%
Filipijnen
82%
Papoea-Nieuw-Guinea
82%
Centraal-Afrikaanse Republiek
73%
Ethiopië
73%
Nepal
73%
Sao Tomé en Principe
73%
Singapore
73%
Cyprus
68%
Kaapverdië
59%
Geen overeenkomende quizzen gevonden
Scoreverdeling
Procent van Mensen met Elke Score
Percentiel versus Aantal Correcte Antwoorden
Uw Scoregeschiedenis
U heeft deze quiz nog niet genomen sinds de laatste reset